000 00677nam a2200205Ia 4500
005 20250507130139.0
008 008 250505s9999 xx 000 0 eng d
037 _aDIS
040 _aEASL
_beng
_cEASL
041 _aeng
_2eng
084 _a0000087, MUK
_qEASL
100 _aMukherjee Rupali
245 0 _aKnowledge, power and reality : An analysis of western constructions of the GPCR educational reform K. P. Gupta
260 _aIndia
_bDelhi University. Social Sciences. Chinese & Japanese
_c1994
300 _a86p.
546 _aBoth Acc. Nos. are of same dissertation
650 _aDiss
942 _cDIS
_h0000087, MUK
999 _c1317973
_d1317973